| 000 | 00798cam a22002773a 4500 | ||
|---|---|---|---|
| 001 | 5161 | ||
| 003 | PGUSA | ||
| 005 | 20140828083114.0 | ||
| 008 | 040201s2004||||xxu|||||s|||||000 1 eng d | ||
| 040 |
_aPGUSA _beng |
||
| 042 | _adc | ||
| 050 | 4 | _aPT | |
| 100 | 1 |
_aLagerlöf, Selma, _d1858-1940 |
|
| 245 | 1 | 4 |
_aThe Treasure _h[electronic resource] / _cSelma Lagerlöf |
| 260 |
_bProject Gutenberg, _c2004 |
||
| 506 | _aPublic domain in the USA. | ||
| 516 | _aElectronic text | ||
| 653 | _aMurder -- Fiction | ||
| 653 | _aSweden -- History -- 1528-1718 -- Fiction | ||
| 653 | _aSwedish fiction | ||
| 653 | _aBohuslän (Sweden) -- Fiction | ||
| 740 | 0 | _aHerr Arnes penningar. English | |
| 830 | 0 |
_aProject Gutenberg _v5161 |
|
| 856 | 4 | 0 | _uhttp://www.gutenberg.org/ebooks/5161 |
| 942 | _cEB | ||
| 999 |
_c234490 _d234490 |
||